000 00725nas a2200253 4500
001 BR8402972
003 BR-BrBNA
005 20231205085931.0
007 ta
008 230509b bl.|||p| |||| 00| 00por d
040 _aBR-BrBNA
_bpor
_cBiblioteca Nacional de Agricultura
041 _a(Pt)
072 _aL10
100 1 _aPadilha, J.C.
100 1 _aCosta, P.T.
245 1 _aO desempenho das matrizes [ave, reproducao animal, Brasil]
650 _aFRANGO
650 _aMATRIZ
650 _aPERFORMANCE
650 _aREPRODUCAO ANIMAL
773 0 _tAvicultura Industrial (Brazil)
_xISSN 0101-2258
_g(Jan 1984), v. 14(889) p. 15-22
_wBR8402972
909 _a202311
_bLúcia
_c55
_dLúcia Elande
942 _2AGRIS
_n0
_cANA
999 _c114912
_d114912